Números Romanos - ¡Muerte Súbita! - Estadísticas

Estadísticas generales
  • Esta prueba ha sido intentada 255 veces
  • La puntuación promedio es 11 de 16
Answers on the Grid
Answers color-coded by a green-red scale on the quiz's grid according to % correct below.
I
VI
IX
IIV
L
XIIII
XV
C
MC
VX
DV
DXXI
MMC
DVD
TXV
TVII
YXII
II
LXVI
XIV
WI
VIIXI
CXVI
SVII
XS
MMX
XY
X
 
Estadísticas de respuestas
Respuesta % Correcto
I
81%
II
76%
C
75%
L
75%
VI
73%
X
73%
MMX
72%
IX
69%
MC
67%
XIV
66%
XV
66%
LXVI
64%
CXVI
63%
MMC
63%
DXXI
58%
DV
55%
No se encontraron pruebas coincidentes
Distribución de puntuación
Porcentaje de gente con cada puntuación
Porcentaje por número respondido
Historial de tus puntuaciones
No has intentado esta prueba.